000 00835nab a2200253 u 4500
001 14846
003 HDC
007 cr bn ---aaaaa
008 210216c mydr|nes 0 a may d
040 _aHDC
100 _aHaryani Ngah
_eauthor
_97767
245 0 _aMPC tingkat produktiviti industri /
_cby Haryani Ngah & Siti Nurazlinee Azmi
260 _aMalaysia:
_bBerita Harian,
_c2014
336 _atext
_2rdacontent
337 _acomputer
_2rdamedia
338 _aonline resource
_2rdacarrier
650 _acommunications
_915249
650 _amultimedia
_915248
710 _aBerita Harian
856 _zRequest full-text at [email protected]
942 _2lcc
942 _cNEWS
942 _kNSWC 004724
999 _c12162
_d12162